Văn hóa, văn nghệ chào thế kỷ mới (Tiểu luận, phê bình, nghiên cứu)

Bewaard in:
Bibliografische gegevens
Hoofdauteur: Trần, Trọng Đăng Đàn
Formaat: Boek
Taal:Undetermined
Gepubliceerd in: Tp. HCM Tp. HCM 2002
Onderwerpen:
Tags: Voeg label toe
Geen labels, Wees de eerste die dit record labelt!
Thư viện lưu trữ: Trung tâm Học liệu Trường Đại học Cần Thơ
LEADER 00605nam a2200181Ia 4500
001 CTU_47098
008 210402s9999 xx 000 0 und d
082 |a 895.92209 
082 |b Đ105/2002 
100 |a Trần, Trọng Đăng Đàn 
245 0 |a Văn hóa, văn nghệ chào thế kỷ mới 
245 0 |b (Tiểu luận, phê bình, nghiên cứu) 
245 0 |c Trần Trọng Đăng Đàn 
260 |a Tp. HCM 
260 |b Tp. HCM 
260 |c 2002 
650 |a vietnamese literature - history and criticism 
980 |a Trung tâm Học liệu Trường Đại học Cần Thơ